K ekonomickým otázkam tvorby a ochrany životního prostředí 1. celostátní konference se zahraniční účastí

Salvato in:
Dettagli Bibliografici
Natura: Libro
Lingua:ceco
Pubblicazione: Praha Dům techn. ČSVTS 1987
Edizione:1. vyd.
Tags: Aggiungi Tag
Nessun Tag, puoi essere il primo ad aggiungerne!!

MARC

LEADER 00000nam a2200000 4500
001 c033510
005 20221219102838.5
041 0 |a cze 
044 |a CZ 
245 1 0 |a K ekonomickým otázkam tvorby a ochrany životního prostředí  |b 1. celostátní konference se zahraniční účastí 
250 |a 1. vyd. 
264 1 |a Praha  |b Dům techn. ČSVTS  |c 1987 
300 |a 226 s.